000
00241nam a2200109Ia 4500
008
190216s9999||||xx |||||||||||||| ||und||
100
_a
Kiliroor Radhakrishnan
245
0
_a
Arathi
260
_b
Current Books
650
_a
Novel
942
_c
BK
999
_c
26223
_d
26223